Good Ideas for alternative homes / (Registro nro. 2352)
[ vista simple ]
| 000 -LEADER | |
|---|---|
| fixed length control field | 01043nam a2200265Ia 4500 |
| 003 - CONTROL NUMBER IDENTIFIER | |
| control field | PE SENCICO BE |
| 005 - DATE AND TIME OF LATEST TRANSACTION | |
| control field | 20251020182539.0 |
| 008 - FIXED-LENGTH DATA ELEMENTS--GENERAL INFORMATION | |
| fixed length control field | 200515s9999 xx 000 0 und d |
| 020 ## - INTERNATIONAL STANDARD BOOK NUMBER | |
| International Standard Book Number | 978-84-16500-36-9 |
| 040 ## - CATALOGING SOURCE | |
| Original cataloging agency | PE SENCICO BE |
| Transcribing agency | PE SENCICO BE |
| 041 ## - LANGUAGE CODE | |
| Language code of text/sound track or separate title | spa |
| -- | eng |
| 082 ## - DEWEY DECIMAL CLASSIFICATION NUMBER | |
| Classification number | 720.47 |
| Item number | I4 |
| 110 1# - MAIN ENTRY--CORPORATE NAME | |
| 9 (RLIN) | 238 |
| Corporate name or jurisdiction name as entry element | Instituto Monsa de Ediciones |
| 245 10 - TITLE STATEMENT | |
| Title | Good Ideas for alternative homes / |
| Statement of responsibility, etc. | Instituto Monsa de Ediciones |
| 250 ## - EDITION STATEMENT | |
| Edition statement | [1a ed.] |
| 260 ## - PUBLICATION, DISTRIBUTION, ETC. | |
| Place of publication, distribution, etc. | Barcelona: |
| Name of publisher, distributor, etc. | Monsa, |
| Date of publication, distribution, etc. | 2016 |
| 300 ## - PHYSICAL DESCRIPTION | |
| Extent | 144 p. : |
| Other physical details | il, col., lams.; |
| Dimensions | 23 cm. |
| 500 ## - GENERAL NOTE | |
| General note | Texto en español e inglés. |
| 520 0# - SUMMARY, ETC. | |
| Summary, etc. | Apuesta por continuar por esta vía en la construcción de nuevos edificios, consta de tres partes con ejemplos ilustrativos de varios tipos de viviendas, prefabricadas, rehabilitadas y realizadas con materiales naturales. |
| 650 10 - SUBJECT ADDED ENTRY--TOPICAL TERM | |
| Topical term or geographic name entry element | Arquitectura sostenible |
| 9 (RLIN) | 280 |
| 650 20 - SUBJECT ADDED ENTRY--TOPICAL TERM | |
| Topical term or geographic name entry element | Diseño arquitectónico |
| 9 (RLIN) | 18 |
| 700 1# - ADDED ENTRY--PERSONAL NAME | |
| 9 (RLIN) | 193 |
| Personal name | Minguet, José María |
| 942 ## - ADDED ENTRY ELEMENTS (KOHA) | |
| Koha item type | Libros |
| Source of classification or shelving scheme | Dewey Decimal Classification |
| Classification part | 720.47 |
| Item part | I4 |
| Fecha de la última vez que lo usaron | Número de ingreso o de inventario | Pago total | Signatura topográfica completa | Código de barras | Precio efectivo desde | Tipo de documento | Estado perdido | Sistema de clasificación | Estado dañado | No es para préstamo | Retirado | Ubicación permanente | Ubicación actual | Fecha de adquisición |
|---|---|---|---|---|---|---|---|---|---|---|---|---|---|---|
| 15/05/2020 | 16148 | 720.47/I4 | Bib-Lima15052352 | 15/05/2020 | Libros | Dewey Decimal Classification | Biblioteca Central Lima | Biblioteca Central Lima | 15/05/2020 |